| 000 | 00377 a2200157 4500 | ||
|---|---|---|---|
| 999 |
_c12741 _d12741 |
||
| 003 | OSt | ||
| 005 | 20240711132440.0 | ||
| 008 | 240711b ||||| |||| 00| 0 eng d | ||
| 020 | _a9783836594455 | ||
| 082 | _a [728.0904] | ||
| 100 | _aCharlotte & Peter Fiell | ||
| 245 | _aDomus 1928–1939 | ||
| 260 |
_bTASCHEN; Bilingual edition _c 2023 |
||
| 300 | _a639p; | ||
| 942 | _2ddc | ||